|
|
|
|
| LEADER |
02270nam a2200577 4500 |
| 001 |
ocn910009729 |
| 003 |
OCoLC |
| 005 |
20170124071743.8 |
| 006 |
m o d |
| 007 |
cr ||||||||||| |
| 008 |
150521s2015 nju o 001 0 eng |
| 010 |
|
|
|a 2015020412
|
| 040 |
|
|
|a DLC
|b eng
|e rda
|c DLC
|d OCLCF
|d N$T
|d IDEBK
|d DG1
|d CDX
|d YDXCP
|d COO
|d EBLCP
|d DEBBG
|d KSU
|d RECBK
|d GrThAP
|
| 019 |
|
|
|a 925497311
|a 932817738
|
| 020 |
|
|
|a 9781118876596 (Adobe PDF)
|
| 020 |
|
|
|a 1118876598 (Adobe PDF)
|
| 020 |
|
|
|a 9781118876787 (ePub)
|
| 020 |
|
|
|a 1118876784 (ePub)
|
| 020 |
|
|
|z 9781118511145 (hardback)
|
| 020 |
|
|
|a 9781118876992
|
| 020 |
|
|
|a 1118876997
|
| 020 |
|
|
|a 111851114X (hardback)
|
| 020 |
|
|
|a 9781118511145 (hardback)
|
| 029 |
1 |
|
|a DEBBG
|b BV043399036
|
| 035 |
|
|
|a (OCoLC)910009729
|z (OCoLC)925497311
|z (OCoLC)932817738
|
| 042 |
|
|
|a pcc
|
| 050 |
0 |
0 |
|a RA1231.A7
|
| 072 |
|
7 |
|a MED
|x 071000
|2 bisacsh
|
| 082 |
0 |
0 |
|a 615.9/25715
|2 23
|
| 084 |
|
|
|a TEC017000
|a MED028000
|2 bisacsh
|
| 049 |
|
|
|a MAIN
|
| 245 |
0 |
0 |
|a Arsenic :
|b exposure sources, health risks, and mechanisms of toxicity /
|c edited by J. Christopher States.
|
| 264 |
|
1 |
|a Hoboken, NJ :
|b John Wiley & Sons, Inc.,
|c [2015]
|
| 300 |
|
|
|a 1 online resource.
|
| 336 |
|
|
|a text
|2 rdacontent
|
| 337 |
|
|
|a computer
|2 rdamedia
|
| 338 |
|
|
|a online resource
|2 rdacarrier
|
| 520 |
|
|
|a "This book acts as a compendium of up-to-date knowledge on arsenic as a toxicant, its exposure sources, health risks, and mechanisms"--
|c Provided by publisher.
|
| 500 |
|
|
|a Includes index.
|
| 588 |
|
|
|a Description based on print version record and CIP data provided by publisher.
|
| 650 |
|
0 |
|a Arsenic
|x Health aspects.
|
| 650 |
|
0 |
|a Arsenic
|x Toxicology.
|
| 650 |
|
7 |
|a TECHNOLOGY & ENGINEERING / Industrial Health & Safety.
|2 bisacsh
|
| 650 |
|
7 |
|a MEDICAL / Epidemiology.
|2 bisacsh
|
| 650 |
|
7 |
|a Arsenic
|x Health aspects.
|2 fast
|0 (OCoLC)fst00815133
|
| 650 |
|
7 |
|a Arsenic
|x Toxicology.
|2 fast
|0 (OCoLC)fst00815142
|
| 655 |
|
4 |
|a Electronic books.
|
| 700 |
1 |
|
|a States, J. Christopher.
|
| 776 |
0 |
8 |
|i Print version:
|t Arsenic
|d Hoboken, NJ : John Wiley & Sons, Inc., [2015]
|z 9781118511145
|w (DLC) 2015018789
|
| 856 |
4 |
0 |
|u https://doi.org/10.1002/9781118876992
|z Full Text via HEAL-Link
|
| 994 |
|
|
|a 92
|b DG1
|